000 00491nam a2200205Ia 4500
008 170918s9999 xx 000 0 und d
020 _a590473409
050 _bM134 1972
100 _aMcDermott, Gerald
245 _aAnansi :
245 _ba tale from the Ashanti the spider /
245 _cGerald McDermott.
260 _aNew York :
260 _bScholastic,
260 _c1972
300 _aunpaged :
300 _bcolored illustration ;
300 _c19cm.
500 _a290
999 _c341443
_d341443